000 00704nam a2200265Ia 4500
003 OSt
005 20221006151036.0
006 a|||||r|||| 00| 0
007 ta
008 221006b |||||||| |||| 00| 0 jpn d
020 _c¥1700
024 _a20,748
037 _bGift, Japan Foundation
_cTextual
040 _aEASL
_cEASL
_bjpn
041 _2jpn
_ajpn
082 _aWOgQ, M6
100 _aMURAKAMI Shigeyoshi
_9656863
245 0 _aTennosei kokka to shukyo
260 _aTokyo
_bHyoronsha Japan
_c1986
300 _a254p.
_ccm.
490 _v JL
650 _aJL
942 _hWOgQ, M6
_cTEXL
_2CC
999 _c1088834
_d1088834